00422pab a2200145 454500008004000000100002200040245004700062260000900109300001300118362001200131650005100143650004700194650002200241773001300263180718b2007 xxu||||| |||| 00| 0 eng d aPardhasaradhi, Y. aUrban governance reforms in Andhra Pradesh c2007 ap.32-40. aJan-Mar aAdministrative reform - India - Andhra Pradesh aUrban development - India - Andhra Pradesh aUrban development aNagarlok